| 000 | 00501nam a2200169Ia 4500 | ||
|---|---|---|---|
| 008 | 210716s1997 xx 000 0 und d | ||
| 020 | _a8172636113 | ||
| 041 | _aeng | ||
| 082 | _a004 IGNO | ||
| 100 | _aGoswami, Seema; Srinivas, Jancy; Negi, Shashi. | ||
| 245 | _aComputer fundamentals. | ||
| 250 | _a1 | ||
| 260 |
_aNew Delhi _bIndira Gandhi National Open University _c1997 |
||
| 300 | _a120,77,113,102 | ||
| 650 | _aData processing, Computer science(004) | ||
| 700 | _aGoswami Seema...[et.al]. | ||
| 999 |
_c183573 _d183573 |
||